| 000 | 00481nam a2200145 4500 | ||
|---|---|---|---|
| 999 |
_c16154 _d16154 |
||
| 008 | 210430b ||||| |||| 00| 0 eng d | ||
| 022 | _a1559-663X | ||
| 082 | _aDPer 420.705 En36 c2006-2008 | ||
| 100 |
_aBourke, James M. _943258 |
||
| 245 |
_aA rough guide to language awareness/ _cJames M. Bourke. |
||
| 260 |
_aWashington, D.C. : _bEnglish Teaching Forum, _cc2006-2008. |
||
| 300 |
_av46 n1, pages 12-21; _c27 cm. |
||
| 650 |
_aLanguage and languages. _943259 |
||
| 942 |
_2ddc _cPER |
||